000
003230000a22001450004500
003
MACL
040
_a
MACL
090
_c
32788
_d
32786
100
_a
Eales, Rupert
245
_a
How to be a better Teambuilder
260
_b
The Industrial Society
_c
1998
350
_a
125
650
_a
Generalities
942
_c
BOOK
_k
001/EAL
999
_c
32453
_d
32453